000 01814nam a2200313 i 4500
003 DO-SdBNP
005 20250120115839.0
006 a||||gr|||| 00| 0
007 ta
008 240724e2022 rd ad||| |||| 00| e spa d
020 _a9789993466451
040 _aDO-SdBNP
_bspa
_cBNPHU
_erda
082 4 _222
_bN682e 2022
100 1 _aGil Nieves, Johnny F.
_eautor
_986160
245 1 0 _aEstados de excepción en la República Dominicana :
_bdeclaratoria de estado de emergencia ante el COVID- 19 /
_cJohnny F. Nieves Gil; prólogo, Hermógenes Acosta de los Santos; presentación, Milton Ray Guevara.
250 _aSegunda edición.
264 1 _aSanto Domingo :
_bEDUPROGRESO,
_c2022
300 _a320 páginas :
_bilustraciones, gráficas ;
_c23 cm.
336 _2rdacontent
_atexto
_btxt
337 _2rdamedia
_asin mediación
_bn
338 _2rdacarrier
_avolumen
_bnc
500 _aIncluye datos biográficos del autor en las solapas de las cubiertas.
504 _aBibliografía: páginas 289- 303
505 _aPresentación /
_rDr. MIlton Ray Guevara.--
_gPrólogo /
_rDr. Hermógenes Acosta de los Santos.--
_gComentario /
_rLic. Edaurdo Jorge Prats.--
_gIntroducción.--
_tCapítulo I. Aspectos teóricos de los estados de excepción.--
_tCapítulo II. Estado de excepción.--
_tCapítulo III. Declaratoria de estado de emergencia ante el COVID -19 en la República Dominicana
_tCapítulo IV. Estudio sobre la normativa de los estados de excepción y su aplicación en la declaratoria de estado de emergencia ante el COVID- 19 en la República Dominicana.--
_tConclusiones.--
_tRecomendaciones.--
_tReferencias.--
_tAnexos.
590 _aInventariado 2024 / MF
700 1 _aAcosta de los Santos, Hermógenes
_eprólogo
_949375
700 1 _aMilton Ray Guevara,
_d1948-
_978143
_epresentación
942 _2ddc
_cLBS1
999 _c57348
_d57348